[Event "Kent Oliver mem"]
[Site "Winnipeg CAN"]
[Date "2006.01.21"]
[Round "2"]
[White "Bist, Kent"]
[Black "Anderson, George"]
[Result "1-0"]
[WhiteElo "1540"]
[BlackElo "1500"]
[PlyCount "60"]
[EventDate "2006.01.20"]
[EventType "swiss"]
[EventRounds "5"]
[EventCountry "CAN"]

1. c4 f5 2. Nc3 g6 3. d4 Bg7 4. b4 e5 5. e3 e4 6. Qb3 Nf6 7. Nge2 d6 8. Nf4 b6
9. Bb2 c5 10. d5 g5 11. Nfe2 a6 12. Ng3 O-O 13. Be2 g4 14. bxc5 bxc5 15. Na4
Nfd7 16. Bxg7 Kxg7 17. Nh5+ Kh6 18. Nf4 Qa5+ 19. Kd1 Qb4 20. h3 gxh3 21. Rxh3+
Kg7 22. Ne6+ Kf7 23. Nxf8 Nxf8 24. Qxb4 cxb4 25. Nb6 Bb7 26. Nxa8 Bxa8 27. Rh5
Nbd7 28. Rxf5+ Kg7 29. Kc2 a5 30. Rh1 Ng6 1-0

[Event "Kent Oliver mem"]
[Site "Winnipeg CAN"]
[Date "2006.01.21"]
[Round "2"]
[White "Booth, Kevin"]
[Black "Bist, Jordan"]
[Result "1-0"]
[WhiteElo "1503"]
[BlackElo "1231"]
[PlyCount "99"]
[EventDate "2006.01.20"]
[EventType "swiss"]
[EventRounds "5"]
[EventCountry "CAN"]

1. d4 Nf6 2. c4 d6 3. g3 Nbd7 4. Bg2 e5 5. dxe5 Nxe5 6. b3 Be7 7. Nf3 Nc6 8.
Bb2 O-O 9. O-O Re8 10. Qc2 Bf8 11. Ng5 Nb4 12. Qd2 Nc6 13. Bxc6 bxc6 14. Qc2 h6
15. Bxf6 Bf5 16. Qxf5 g6 17. Qf3 Qd7 18. Ne4 Qe6 19. Nbd2 d5 20. cxd5 cxd5 21.
Nc3 d4 22. Bxd4 Rad8 23. e3 c5 24. Nce4 Bg7 25. Bxg7 Kxg7 26. Rad1 f5 27. Nxc5
Qe7 28. Qb7 Qxb7 29. Nxb7 Rd7 30. Nc4 Rxd1 31. Rxd1 Rb8 32. Rd7+ Kf8 33. Rd8+
Rxd8 34. Nxd8 Ke8 35. Nc6 a6 36. Nb8 Kf7 37. Nxa6 Kf6 38. Nc5 g5 39. a4 f4 40.
exf4 gxf4 41. gxf4 Kf5 42. a5 Kxf4 43. a6 Kg4 44. a7 Kh5 45. a8=Q Kg6 46. Qd5
Kh7 47. Qe6 Kh8 48. Qg6 h5 49. Ne5 h4 50. Nf7# 1-0

[Event "Kent Oliver mem"]
[Site "Winnipeg CAN"]
[Date "2006.01.21"]
[Round "2"]
[White "Green, Aaron"]
[Black "Gannon, Keith"]
[Result "0-1"]
[WhiteElo "1315"]
[BlackElo "1540"]
[PlyCount "102"]
[EventDate "2006.01.20"]
[EventType "swiss"]
[EventRounds "5"]
[EventCountry "CAN"]

1. e4 c5 2. Nf3 d6 3. d4 cxd4 4. Nxd4 Nf6 5. Nc3 e6 6. Be3 Be7 7. f3 O-O 8. Be2
Bd7 9. Qd2 a6 10. O-O-O Nc6 11. Nxc6 bxc6 12. Bg5 d5 13. e5 Ne8 14. Bxe7 Qxe7
15. h4 Nc7 16. Rdg1 c5 17. g4 Nb5 18. Nxb5 Bxb5 19. Bxb5 axb5 20. Kb1 Qa7 21.
c3 Qxa2+ 22. Kc2 c4 23. Kd1 Qb3+ 24. Ke2 Ra2 25. Rb1 Rb8 26. Rhc1 b4 27. Rc2
Qa4 28. h5 bxc3 29. Rxc3 Ra1 30. Rcc1 Rxb1 31. Rxb1 Qa2 32. Qc2 Qb3 33. Qxb3
Rxb3 34. Kf2 c3 35. Rc1 Rxb2+ 36. Ke3 c2 37. Kd3 h6 38. Rxc2 Rxc2 39. Kxc2 Kh7
40. f4 g6 41. Kd3 gxh5 42. gxh5 Kg7 43. Kd4 f6 44. Kc5 Kf7 45. Kd4 Ke7 46. Kc5
fxe5 47. fxe5 Kd7 48. Kd4 Kc6 49. Kd3 Kc5 50. Kc3 d4+ 51. Kd3 Kd5 0-1

[Event "Kent Oliver mem"]
[Site "Winnipeg CAN"]
[Date "2006.01.21"]
[Round "2"]
[White "Joven, Perfecto"]
[Black "Tang, Edward"]
[Result "0-1"]
[WhiteElo "1847"]
[BlackElo "1994"]
[PlyCount "88"]
[EventDate "2006.01.20"]
[EventType "swiss"]
[EventRounds "5"]
[EventCountry "CAN"]

1. e4 c5 2. Nf3 d6 3. d4 cxd4 4. Nxd4 Nf6 5. Nc3 e6 6. Bc4 a6 7. Bb3 Nbd7 8.
O-O Nc5 9. Re1 Be7 10. Kh1 O-O 11. f3 Qc7 12. Be3 b5 13. Rc1 Bb7 14. Qe2 Rad8
15. Qf2 b4 16. Na4 Nxa4 17. Bxa4 d5 18. Nb3 Nd7 19. exd5 Bxd5 20. Nd4 Nc5 21.
Bb3 Rd7 22. Ne2 e5 23. Ng3 Rfd8 24. Nf5 Bf8 25. Qg3 Kh8 26. Bxc5 Qxc5 27. Qxe5
f6 28. Qf4 Bxb3 29. axb3 Rd2 30. Qe4 Qf2 31. Rg1 Re2 32. Qc4 Re5 33. Ng3 Rc5
34. Qe4 Re5 35. Qc6 Qxg3 36. Qc7 Rde8 37. Qf7 Qg6 38. Qd7 Qf5 39. Qc6 Qe6 40.
Qa4 a5 41. h3 Rh5 42. g4 Re5 43. c4 Bc5 44. Rgd1 Re2 0-1

[Event "Kent Oliver mem"]
[Site "Winnipeg CAN"]
[Date "2006.01.21"]
[Round "2"]
[White "Kohalmi, Andy"]
[Black "McTavish, David"]
[Result "0-1"]
[WhiteElo "1723"]
[BlackElo "2173"]
[PlyCount "72"]
[EventDate "2006.01.20"]
[EventType "swiss"]
[EventRounds "5"]
[EventCountry "CAN"]

1. d4 Nf6 2. Nf3 g6 3. c4 Bg7 4. g3 O-O 5. Bg2 d5 6. cxd5 Nxd5 7. O-O Nb6 8. h3
Nc6 9. e3 e5 10. dxe5 Nxe5 11. Nd4 c5 12. Nb5 Nd3 13. Qc2 Nxc1 14. Rxc1 Bf5 15.
e4 Be6 16. Rd1 Qe7 17. Nd2 a6 18. Nc3 Rad8 19. Nf3 Nc4 20. Nd5 Bxd5 21. exd5 b5
22. Rab1 Nb6 23. Nh2 h5 24. Qd2 Nc4 25. Qc2 Qf6 26. a4 Nxb2 27. Rxb2 Qxb2 28.
Qxb2 Bxb2 29. Rb1 Bd4 30. axb5 axb5 31. Rxb5 Rb8 32. Rxb8 Rxb8 33. Nf1 c4 34.
Ne3 Rb1+ 35. Kh2 Bxe3 36. fxe3 Re1 0-1

[Event "Kent Oliver mem"]
[Site "Winnipeg CAN"]
[Date "2006.01.21"]
[Round "2"]
[White "Oberton, Daniel"]
[Black "Khedkar, Jay"]
[Result "1/2-1/2"]
[WhiteElo "1752"]
[BlackElo "1908"]
[PlyCount "111"]
[EventDate "2006.01.20"]
[EventType "swiss"]
[EventRounds "5"]
[EventCountry "CAN"]

1. e4 c5 2. d4 cxd4 3. c3 dxc3 4. Nxc3 Nc6 5. Nf3 e6 6. Bc4 d6 7. O-O Nf6 8.
Qe2 Be7 9. Rd1 Qc7 10. Be3 a6 11. Rac1 Qb8 12. Bb6 Nd7 13. Na4 O-O 14. Bb3 Bd8
15. Qe3 a5 16. Bc4 Nce5 17. Nxe5 Nxe5 18. Bb5 Bd7 19. Bxd7 Nxd7 20. Rc3 Ra6 21.
Rb3 Bc7 22. Rc1 Bxb6 23. Nxb6 Nxb6 24. Rxb6 Rxb6 25. Qxb6 Rc8 26. Rxc8+ Qxc8
27. f3 Qc5+ 28. Qxc5 dxc5 29. Kf2 Kf8 30. Ke3 Ke7 31. Kd3 Kd6 32. Kc4 Kc6 33.
a4 h5 34. h4 f6 35. g3 g5 36. e5 gxh4 37. exf6 Kd6 38. gxh4 e5 39. f7 Ke7 40.
Kd5 Kxf7 41. Kxe5 c4 42. Kf5 Ke7 43. Kg6 b5 44. axb5 a4 45. b6 Kd7 46. f4 a3
47. bxa3 c3 48. b7 Kc7 49. f5 c2 50. f6 c1=Q 51. f7 Qc2+ 52. Kg7 Qg2+ 53. Kh6
Qf3 54. Kg7 Qg4+ 55. Kh6 Qf5 56. Kg7 1/2-1/2

[Event "Kent Oliver mem"]
[Site "Winnipeg CAN"]
[Date "2006.01.21"]
[Round "2"]
[White "Zaczek, Jonathan"]
[Black "Rutter, Blair"]
[Result "1-0"]
[WhiteElo "2029"]
[BlackElo "1821"]
[PlyCount "51"]
[EventDate "2006.01.20"]
[EventType "swiss"]
[EventRounds "5"]
[EventCountry "CAN"]

1. e4 e6 2. d4 d5 3. Nc3 Nf6 4. Bg5 Be7 5. e5 Nfd7 6. h4 a6 7. Qg4 g6 8. f4 c5
9. Nf3 cxd4 10. Nxd4 Nc6 11. O-O-O Nxd4 12. Rxd4 Qb6 13. Rd1 Nc5 14. Bxe7 Kxe7
15. Rxd5 Ne4 16. Rd3 Nf2 17. Qg5+ Ke8 18. Rd2 Nxh1 19. Ne4 h6 20. Qf6 Rh7 21.
Nd6+ Kf8 22. Nc4 Qc7 23. Rd8+ Qxd8 24. Qxd8+ Kg7 25. Nb6 Rb8 26. Qc7 1-0

[Event "Kent Oliver mem"]
[Site "Winnipeg CAN"]
[Date "2006.01.21"]
[Round "3"]
[White "Bigras, Roger"]
[Black "Gibbons, Lorne"]
[Result "0-1"]
[WhiteElo "1261"]
[BlackElo "1284"]
[PlyCount "68"]
[EventDate "2006.01.20"]
[EventType "swiss"]
[EventRounds "5"]
[EventCountry "CAN"]

1. e4 e6 2. d4 c5 3. Nf3 Qb6 4. c3 Nc6 5. b3 d5 6. exd5 exd5 7. Qe2+ Be7 8. Qb5
cxd4 9. Nxd4 Bc5 10. Be3 Bxd4 11. Bxd4 Qxb5 12. Bxb5 Nge7 13. Bxg7 Rg8 14. Bd4
Rxg2 15. Nd2 Bd7 16. Bf1 Rg5 17. Be3 Re5 18. O-O-O O-O-O 19. Nf3 Re6 20. Ng5
Rf6 21. Nxh7 Rf5 22. Ng5 Rh8 23. Bd3 Rf6 24. b4 d4 25. Ne4 Rg6 26. Bf4 dxc3 27.
Nd6+ Kd8 28. Nxf7+ Ke8 29. Bxg6 Nxg6 30. Nxh8 Nxf4 31. Rhe1+ Ne7 32. Re4 Ba4
33. Rg1 Nd3+ 34. Kb1 c2+ 0-1

[Event "Kent Oliver mem"]
[Site "Winnipeg CAN"]
[Date "2006.01.21"]
[Round "3"]
[White "Bist, Jordan"]
[Black "Green, Aaron"]
[Result "1-0"]
[WhiteElo "1231"]
[BlackElo "1315"]
[PlyCount "87"]
[EventDate "2006.01.20"]
[EventType "swiss"]
[EventRounds "5"]
[EventCountry "CAN"]

1. c4 Nf6 2. Nc3 g6 3. e4 d6 4. d4 Bg7 5. Be3 O-O 6. h3 Nbd7 7. e5 dxe5 8. dxe5
Nxe5 9. Nf3 Qxd1+ 10. Rxd1 Nxf3+ 11. gxf3 b6 12. Bg2 Bb7 13. Rb1 Rad8 14. O-O
Ba6 15. b3 Nd7 16. Nd5 Bb7 17. Nxe7+ Kh8 18. b4 c6 19. b5 cxb5 20. cxb5 Nb8 21.
Rbc1 Rfe8 22. Nc6 Nxc6 23. bxc6 Ba6 24. Rfe1 Rc8 25. h4 f5 26. f4 Rc7 27. a4
Bb2 28. Rc2 Bf6 29. Kh2 Ree7 30. Kh3 Kg8 31. Rd1 Bc8 32. Rd8+ Kf7 33. Bd5+ Be6
34. Bxe6+ Kxe6 35. a5 bxa5 36. Ra8 a6 37. Bb6 Kd5 38. Rd8+ Ke4 39. Bxc7 Rxc7
40. Rd7 Rc8 41. Rb7 Kd5 42. c7 Kd6 43. Rb6+ Ke7 44. Rb8 1-0

[Event "Kent Oliver mem"]
[Site "Winnipeg CAN"]
[Date "2006.01.21"]
[Round "3"]
[White "Curtis, Rory"]
[Black "Booth, Kevin"]
[Result "1-0"]
[WhiteElo "1676"]
[BlackElo "1503"]
[PlyCount "75"]
[EventDate "2006.01.20"]
[EventType "swiss"]
[EventRounds "5"]
[EventCountry "CAN"]

1. d4 Nf6 2. c4 e6 3. Nc3 Bb4 4. Bg5 b6 5. f3 O-O 6. e4 Be7 7. Bd3 Bb7 8. Nge2
d5 9. O-O dxc4 10. Bxc4 Nbd7 11. Qc2 c5 12. d5 exd5 13. exd5 Ne5 14. b3 Re8 15.
Rad1 Nxc4 16. bxc4 Nd7 17. Bxe7 Qxe7 18. f4 Ba6 19. Qb3 Qd6 20. Rf3 Nf6 21. Ng3
Bc8 22. Nb5 Qf8 23. h3 Ne4 24. Nc7 Nxg3 25. Rxg3 Bf5 26. Nxa8 Rxa8 27. Re1 Qd6
28. Qe3 g6 29. Qe5 Qd7 30. Rge3 Qa4 31. Qf6 Bd7 32. Re7 Be8 33. d6 Qc6 34. Rc7
Qa4 35. Ree7 Qxc4 36. d7 Bxd7 37. Rcxd7 Rf8 38. Rxa7 1-0

[Event "Kent Oliver mem"]
[Site "Winnipeg CAN"]
[Date "2006.01.21"]
[Round "3"]
[White "Gannon, Keith"]
[Black "Kohalmi, Andy"]
[Result "0-1"]
[WhiteElo "1540"]
[BlackElo "1723"]
[PlyCount "91"]
[EventDate "2006.01.20"]
[EventType "swiss"]
[EventRounds "5"]
[EventCountry "CAN"]

1. e4 c5 2. Nf3 a6 3. c4 Nc6 4. d4 cxd4 5. Nxd4 Qc7 6. Nc3 g6 7. Nxc6 bxc6 8.
Be2 Bg7 9. Bd2 Rb8 10. Qc2 Be5 11. g3 Bg7 12. O-O d6 13. Rfe1 Nf6 14. Bf3 O-O
15. a3 Ng4 16. Nd1 a5 17. Bc3 Ne5 18. Bg2 Bg4 19. Ne3 Nf3+ 20. Bxf3 Bxf3 21.
Bxg7 Kxg7 22. Qc3+ Kg8 23. Nf1 Bg4 24. b4 axb4 25. axb4 Rb7 26. Ra3 Rfb8 27.
Ne3 Be6 28. Nc2 Ra7 29. Rea1 Rba8 30. Rxa7 Rxa7 31. Rxa7 Qxa7 32. Nd4 Bd7 33.
Nc2 Qa2 34. Kg2 Be6 35. Ne3 Qb1 36. Nc2 Qd1 37. Nd4 Bd7 38. c5 Qg4 39. f3 Qh3+
40. Kg1 e5 41. Nb3 Qe6 42. cxd6 Qxd6 43. Nd2 Bh3 44. Kf2 Bc8 45. Nc4 Qd4+ 46.
Ke2 0-1

[Event "Kent Oliver mem"]
[Site "Winnipeg CAN"]
[Date "2006.01.21"]
[Round "3"]
[White "Geley, Shawn"]
[Black "Joven, Perfecto"]
[Result "1/2-1/2"]
[WhiteElo "1567"]
[BlackElo "1847"]
[PlyCount "98"]
[EventDate "2006.01.20"]
[EventType "swiss"]
[EventRounds "5"]
[EventCountry "CAN"]

1. e4 c5 2. Nf3 d6 3. c3 Nc6 4. Bc4 Nf6 5. d3 e6 6. Bg5 Be7 7. O-O O-O 8. Nbd2
a6 9. a4 Qc7 10. d4 d5 11. Bxf6 dxc4 12. Be5 Nxe5 13. Nxe5 cxd4 14. cxd4 c3 15.
Rc1 Bb4 16. bxc3 Ba3 17. Rc2 Rd8 18. Nec4 Be7 19. Qf3 Bf6 20. Rfc1 b5 21. axb5
axb5 22. Ne3 Bb7 23. h4 h5 24. Qh3 Qe7 25. g3 g6 26. Rb1 Ba6 27. e5 Bg7 28.
Rbb2 Rdc8 29. Ne4 b4 30. Nd6 Rxc3 31. Rxb4 Rxc2 32. Nxc2 Qc7 33. Ne3 Qc1+ 34.
Kh2 Qd2 35. Rb3 Qxf2+ 36. Qg2 Qe1 37. Qa2 Bh6 38. Ng2 Qf1 39. Rb1 Qd3 40. Qf2
Rf8 41. Rb6 Qf1 42. Qxf1 Bxf1 43. Nf4 Bxf4 44. gxf4 Bd3 45. Rc6 Bb1 46. Rc8
Rxc8 47. Nxc8 Kf8 48. Kg3 Ke8 49. Kf3 Kd7 1/2-1/2

[Event "Kent Oliver mem"]
[Site "Winnipeg CAN"]
[Date "2006.01.21"]
[Round "3"]
[White "Green, Jim"]
[Black "Bist, Kent"]
[Result "1-0"]
[WhiteElo "1736"]
[BlackElo "1540"]
[PlyCount "123"]
[EventDate "2006.01.20"]
[EventType "swiss"]
[EventRounds "5"]
[EventCountry "CAN"]

1. e4 c5 2. Nf3 Nc6 3. Bb5 e6 4. Bxc6 bxc6 5. c4 d5 6. e5 d4 7. d3 Ne7 8. Bg5
Qc7 9. O-O Ng6 10. Re1 h6 11. Bc1 Be7 12. Nbd2 O-O 13. Nf1 f6 14. Qe2 fxe5 15.
Nxe5 Nxe5 16. Qxe5 Bd6 17. Qe4 Rf6 18. g3 e5 19. Nd2 Bf5 20. Qe2 Raf8 21. Rf1
Bh3 22. Ne4 Rf3 23. Re1 Bg4 24. Qf1 Qd7 25. Bd2 Be7 26. a3 Qf5 27. b4 Bh3 28.
Qe2 Rxd3 29. Qxd3 cxb4 30. axb4 Bg4 31. f4 Qh5 32. Nf2 Bf5 33. Qe2 Qg6 34. Rxa7
Bd6 35. c5 exf4 36. Nh1 Bb8 37. Rb7 fxg3 38. hxg3 Bg4 39. Qc4+ Kh8 40. Rxb8
Rxb8 41. Qxd4 Rf8 42. Qd6 Qf5 43. Bf4 Rf6 44. Qe5 Qc2 45. Qe8+ Kh7 46. Qe4+
Qxe4 47. Rxe4 Bf3 48. Re7 Kg6 49. Nf2 Bd5 50. Ne4 Re6 51. Rxe6+ Bxe6 52. Kf2
Kf5 53. Ke3 Bd5 54. Nc3 Bh1 55. b5 cxb5 56. Nxb5 Ke6 57. c6 Bxc6 58. Nd4+ Kd5
59. Nxc6 Kxc6 60. Ke4 Kd7 61. Kf5 g5 62. Bxg5 1-0

[Event "Kent Oliver mem"]
[Site "Winnipeg CAN"]
[Date "2006.01.21"]
[Round "3"]
[White "McTavish, David"]
[Black "Nikouline, Alexandre"]
[Result "1/2-1/2"]
[WhiteElo "2173"]
[BlackElo "1947"]
[PlyCount "96"]
[EventDate "2006.01.20"]
[EventType "swiss"]
[EventRounds "5"]
[EventCountry "CAN"]

1. e4 e5 2. Nf3 Nc6 3. Bb5 a6 4. Ba4 Nf6 5. O-O Be7 6. Re1 b5 7. Bb3 O-O 8. h3
d6 9. c3 Nb8 10. d4 Nbd7 11. Nbd2 c5 12. Nf1 Re8 13. Ng3 c4 14. Bc2 Bf8 15. b3
Qc7 16. Bb2 Bb7 17. d5 cxb3 18. axb3 a5 19. Qd2 g6 20. Qg5 Bg7 21. h4 h5 22.
Qd2 Nh7 23. Rec1 Qb6 24. Rcb1 Ndf6 25. c4 Ng4 26. cxb5 Bh6 27. Qe2 Nxf2 28. Kf1
Ng4 29. Bc1 Bf4 30. Nh1 Rac8 31. Bd3 Rc3 32. Bc4 Bxc1 33. Rxc1 Re3 34. Qd2 Nhf6
35. Qxa5 Qxa5 36. Rxa5 Nxe4 37. b6 Rc3 38. Rxc3 Nxc3 39. Nf2 Ne3+ 40. Ke1 Nexd5
41. Ng5 Kg7 42. Nfe4 Nxe4 43. Nxe4 Nxb6 44. Nxd6 Rb8 45. Ra7 Nxc4 46. bxc4 Bxg2
47. Rxf7+ Kg8 48. Rf6 Kg7 1/2-1/2

[Event "Kent Oliver mem"]
[Site "Winnipeg CAN"]
[Date "2006.01.21"]
[Round "3"]
[White "Rutter, Blair"]
[Black "Oberton, Daniel"]
[Result "1-0"]
[WhiteElo "1821"]
[BlackElo "1752"]
[PlyCount "53"]
[EventDate "2006.01.20"]
[EventType "swiss"]
[EventRounds "5"]
[EventCountry "CAN"]

1. c4 e5 2. g3 Nf6 3. Bg2 g6 4. Nc3 Bg7 5. e4 d6 6. Nge2 Nc6 7. O-O Be6 8. d3
Qd7 9. f4 exf4 10. Nxf4 Bg4 11. Qe1 h5 12. Be3 h4 13. gxh4 Nh5 14. Nxh5 Rxh5
15. Qg3 Be5 16. Bf4 O-O-O 17. Nd5 Bxb2 18. Rae1 Bg7 19. Bg5 Be5 20. Qf2 Rdh8
21. Bf6 Be6 22. Bxh8 Bxh8 23. Nf6 Bxf6 24. Qxf6 Ne5 25. d4 Nd3 26. Re3 Nb4 27.
d5 1-0

[Event "Kent Oliver mem"]
[Site "Winnipeg CAN"]
[Date "2006.01.21"]
[Round "3"]
[White "Tang, Edward"]
[Black "Zaczek, Jonathan"]
[Result "1/2-1/2"]
[WhiteElo "1994"]
[BlackElo "2029"]
[PlyCount "86"]
[EventDate "2006.01.20"]
[EventType "swiss"]
[EventRounds "5"]
[EventCountry "CAN"]

1. e4 c5 2. Nf3 d6 3. d4 cxd4 4. Nxd4 Nf6 5. Nc3 a6 6. Be2 e5 7. Nb3 Be7 8. O-O
O-O 9. Re1 b6 10. Bf1 Bb7 11. Nd5 Nxd5 12. exd5 Bg5 13. c4 Nd7 14. Bd2 g6 15.
Rc1 f5 16. Bxg5 Qxg5 17. Qd2 Qf6 18. f4 Bc8 19. g3 a5 20. Bg2 a4 21. Na1 Nc5
22. b4 axb3 23. Nxb3 e4 24. Rc2 Bd7 25. Bf1 Rfb8 26. Rb1 Ba4 27. Rcb2 Bxb3 28.
axb3 Re8 29. Ra2 Rxa2 30. Qxa2 Qd4+ 31. Qf2 e3 32. Qb2 Qd2 33. b4 Nb3 34. Be2
Nc1 35. Qxc1 Qxe2 36. Qf1 Qd2 37. Qe1 Qa2 38. Rc1 Qb3 39. Qe2 Qxb4 40. Kg2 Re4
41. Rc2 Qb1 42. Rc3 Qb4 43. Rxe3 Rxe3 1/2-1/2

[Event "Kent Oliver mem"]
[Site "Winnipeg CAN"]
[Date "2006.01.22"]
[Round "4"]
[White "Bist, Jordan"]
[Black "Gannon, Keith"]
[Result "1/2-1/2"]
[WhiteElo "1231"]
[BlackElo "1540"]
[PlyCount "99"]
[EventDate "2006.01.20"]
[EventType "swiss"]
[EventRounds "5"]
[EventCountry "CAN"]

1. c4 c5 2. Nc3 Nf6 3. e4 d6 4. Nf3 Nc6 5. d3 Bg4 6. Be3 Ne5 7. Be2 Nxf3+ 8.
Bxf3 Bxf3 9. Qxf3 e6 10. O-O Qd7 11. d4 cxd4 12. Bxd4 Be7 13. Rad1 O-O 14. e5
Ne8 15. exd6 Bxd6 16. c5 Be7 17. Bxg7 Qc6 18. Qxc6 bxc6 19. Bxf8 Bxf8 20. b4
Bg7 21. Ne4 a5 22. b5 cxb5 23. Nd6 b4 24. Nxe8 Rxe8 25. c6 Bf6 26. c7 Rc8 27.
Rc1 Bc3 28. a3 Rxc7 29. axb4 axb4 30. Rfd1 Ra7 31. Kf1 Kg7 32. Ke2 Ra2+ 33. Kd3
Rxf2 34. Rf1 Rxg2 35. Rg1 Rg6 36. Rxg6+ hxg6 37. Rg1 Be5 38. h4 Kh6 39. Rf1 Kg7
40. Rg1 Kh6 41. Rf1 f5 42. Re1 Bg3 43. Rxe6 Bxh4 44. Rb6 Be1 45. Ke2 Bc3 46.
Kf3 Kg5 47. Rd6 Be5 48. Rb6 Bc3 49. Rd6 Kh5 50. Kf4 1/2-1/2

[Event "Kent Oliver mem"]
[Site "Winnipeg CAN"]
[Date "2006.01.22"]
[Round "4"]
[White "Gibbons, Lorne"]
[Black "Geley, Shawn"]
[Result "0-1"]
[WhiteElo "1284"]
[BlackElo "1567"]
[PlyCount "88"]
[EventDate "2006.01.20"]
[EventType "swiss"]
[EventRounds "5"]
[EventCountry "CAN"]

1. d4 Nf6 2. c4 d5 3. cxd5 Nxd5 4. e4 Nb6 5. Nf3 Bg4 6. Be2 e6 7. a3 Nc6 8. Be3
Be7 9. O-O O-O 10. Nbd2 Re8 11. h3 Bh5 12. Rc1 Bf8 13. Bb5 Qd6 14. Qc2 Rac8 15.
Bxc6 bxc6 16. Qxc6 Nd7 17. Rc2 e5 18. d5 a5 19. Rfc1 Nf6 20. Qa4 Rb8 21. Qxa5
Bxf3 22. Bc5 Qd7 23. Nxf3 Rb5 24. Qa6 Bxc5 25. Rxc5 Rxc5 26. Rxc5 Nxe4 27. Ra5
Nf6 28. Qc4 e4 29. Nd4 Rd8 30. Nb3 Qd6 31. Nd2 Qe5 32. b4 h6 33. Qe2 Rxd5 34.
f4 Qd4+ 35. Kf1 Qxd2 36. Rxd5 Qxd5 37. Ke1 Qb3 38. Qa6 e3 39. Qc8+ Kh7 40. Qxc7
Qxa3 41. Qc5 Qd3 42. Qc1 Nd5 43. b5 Nxf4 44. Qd1 Nxg2# 0-1

[Event "Kent Oliver mem"]
[Site "Winnipeg CAN"]
[Date "2006.01.22"]
[Round "4"]
[White "Green, Aaron"]
[Black "Bigras, Roger"]
[Result "0-1"]
[WhiteElo "1315"]
[BlackElo "1261"]
[PlyCount "84"]
[EventDate "2006.01.20"]
[EventType "swiss"]
[EventRounds "5"]
[EventCountry "CAN"]

1. e4 c5 2. Nf3 Nc6 3. d4 cxd4 4. Nxd4 Nf6 5. Nc3 a6 6. Be3 e6 7. Be2 Be7 8.
Qd2 Qc7 9. O-O-O O-O 10. Rdg1 b5 11. h4 Ne5 12. f3 Nc4 13. Bxc4 Qxc4 14. Kb1 d6
15. g4 Nd7 16. Nb3 Ne5 17. Nd4 Qc7 18. f4 Nc4 19. Qe2 Qb6 20. Nf5 Qc7 21. Nxe7+
Qxe7 22. Bc1 Bb7 23. b3 Nb6 24. Rh2 Rfc8 25. Bb2 Rc5 26. e5 Rac8 27. Qd3 d5 28.
Ba3 Rxc3 29. Bxe7 Rxd3 30. cxd3 d4 31. Rc1 Rc3 32. Rxc3 dxc3 33. Bb4 Nd5 34. a3
Nxf4 35. Kc2 Nd5 36. Bxc3 Ne3+ 37. Kd2 Nf1+ 38. Ke2 Nxh2 39. g5 Bd5 40. b4 h6
41. Bd2 Nf3 42. gxh6 Nxd2 0-1

[Event "Kent Oliver mem"]
[Site "Winnipeg CAN"]
[Date "2006.01.22"]
[Round "4"]
[White "Kohalmi, Andy"]
[Black "Rutter, Blair"]
[Result "0-1"]
[WhiteElo "1723"]
[BlackElo "1821"]
[PlyCount "80"]
[EventDate "2006.01.20"]
[EventType "swiss"]
[EventRounds "5"]
[EventCountry "CAN"]

1. d4 e6 2. Nf3 Nf6 3. e3 d5 4. Bd3 c5 5. b3 Nc6 6. O-O Bd7 7. Bb2 cxd4 8. exd4
Bd6 9. a3 Qc7 10. h3 a6 11. Nbd2 O-O 12. c4 Rae8 13. Rc1 Bf4 14. Rc2 Qb6 15. c5
Qc7 16. Re1 Re7 17. Nf1 Na7 18. a4 Nc6 19. Bc3 Rfe8 20. Rce2 e5 21. dxe5 Nxe5
22. Nxe5 Bxe5 23. Rxe5 Rxe5 24. Bxe5 Rxe5 25. Rxe5 Qxe5 26. Qc2 Qg5 27. Kh1 Bc6
28. Qd2 Qh4 29. Qe2 g6 30. Qf3 Kg7 31. Bc2 d4 32. Qg3 Qh5 33. b4 Qe2 34. Bd3
Qb2 35. b5 axb5 36. axb5 Bxb5 37. Qf3 Bc6 38. Qe2 Qxe2 39. Bxe2 Ne4 40. Kg1
Nxc5 0-1

[Event "Kent Oliver mem"]
[Site "Winnipeg CAN"]
[Date "2006.01.22"]
[Round "4"]
[White "Nikouline, Alexandre"]
[Black "Tang, Edward"]
[Result "1-0"]
[WhiteElo "1947"]
[BlackElo "1994"]
[PlyCount "49"]
[EventDate "2006.01.20"]
[EventType "swiss"]
[EventRounds "5"]
[EventCountry "CAN"]

1. e4 c5 2. Nf3 d6 3. d4 cxd4 4. Nxd4 Nf6 5. Nc3 e6 6. Bc4 a6 7. a3 Nc6 8. Be3
Qc7 9. Ba2 Be7 10. O-O O-O 11. f3 b5 12. Qe2 Bd7 13. g4 Nxd4 14. Bxd4 Bc6 15.
g5 Nd7 16. f4 e5 17. fxe5 Nxe5 18. Qh5 Nc4 19. Rf4 Bxg5 20. Qxg5 f6 21. Rxf6
Rxf6 22. Bxf6 Kh8 23. Bxc4 Qa7+ 24. Kh1 bxc4 25. Rg1 1-0

[Event "Kent Oliver mem"]
[Site "Winnipeg CAN"]
[Date "2006.01.22"]
[Round "4"]
[White "Zaczek, Jonathan"]
[Black "McTavish, David"]
[Result "0-1"]
[WhiteElo "2029"]
[BlackElo "2173"]
[PlyCount "44"]
[EventDate "2006.01.20"]
[EventType "swiss"]
[EventRounds "5"]
[EventCountry "CAN"]

1. e4 c5 2. Nf3 d6 3. d4 cxd4 4. Nxd4 Nf6 5. Nc3 a6 6. Bc4 e6 7. Bb3 b5 8. O-O
Be7 9. Qf3 Qb6 10. Bg5 b4 11. e5 Bb7 12. Na4 Qc7 13. exd6 Bxd6 14. Qh3 O-O 15.
Bxf6 gxf6 16. Rad1 Kh8 17. Qh6 Rg8 18. Qxf6+ Rg7 19. g3 Nd7 20. Qh6 Bxg3 21.
Qxg7+ Kxg7 22. hxg3 Kh8 0-1

[Event "Kent Oliver mem"]
[Site "Winnipeg CAN"]
[Date "2006.01.22"]
[Round "5"]
[White "Booth, Kevin"]
[Black "Joven, Perfecto"]
[Result "1/2-1/2"]
[WhiteElo "1503"]
[BlackElo "1847"]
[PlyCount "73"]
[EventDate "2006.01.20"]
[EventType "swiss"]
[EventRounds "5"]
[EventCountry "CAN"]

1. d4 Nf6 2. c4 g6 3. g3 Bg7 4. Bg2 O-O 5. Nf3 d5 6. cxd5 Nxd5 7. Nc3 c6 8. O-O
Na6 9. Nxd5 cxd5 10. Bd2 Bd7 11. Bc3 Nc7 12. Qb3 Bc6 13. Rad1 Qd7 14. Qc2 Rac8
15. Qd2 Nb5 16. Rfe1 Nd6 17. Ne5 Bxe5 18. dxe5 Nc4 19. Qh6 e6 20. e4 Nb6 21.
exd5 Bxd5 22. Bxd5 Nxd5 23. Re4 Qe7 24. Rh4 f6 25. exf6 Nxf6 26. Re1 Rc7 27.
Qe3 Nd5 28. Qxe6+ Qxe6 29. Rxe6 Nxc3 30. bxc3 Rff7 31. c4 Rf3 32. Re8+ Kg7 33.
Rhe4 Kf7 34. Rh8 Kg7 35. Rhe8 Rcf7 36. Re2 Rc3 37. R2e4 1/2-1/2

[Event "Kent Oliver mem"]
[Site "Winnipeg CAN"]
[Date "2006.01.22"]
[Round "5"]
[White "Gannon, Keith"]
[Black "Bigras, Roger"]
[Result "1/2-1/2"]
[WhiteElo "1540"]
[BlackElo "1261"]
[PlyCount "58"]
[EventDate "2006.01.20"]
[EventType "swiss"]
[EventRounds "5"]
[EventCountry "CAN"]

1. e4 c5 2. Nf3 Nc6 3. b3 e6 4. Bb2 Nge7 5. c4 d5 6. exd5 exd5 7. d4 dxc4 8.
Bxc4 Nf5 9. Qe2+ Be7 10. dxc5 O-O 11. O-O Re8 12. Qd3 Qxd3 13. Bxd3 Bxc5 14.
Nbd2 Be6 15. Bb5 Rad8 16. Bxc6 bxc6 17. Rac1 Bb4 18. Nc4 Nd6 19. Nxd6 Rxd6 20.
Be5 Rd7 21. Bg3 c5 22. h3 Rc8 23. Ne5 Rd2 24. a3 Bxa3 25. Ra1 Bb4 26. Rxa7 Bxb3
27. Nc6 Kf8 28. Nxb4 cxb4 29. Rb7 Bc4 1/2-1/2

[Event "Kent Oliver mem"]
[Site "Winnipeg CAN"]
[Date "2006.01.22"]
[Round "5"]
[White "Gibbons, Lorne"]
[Black "Bist, Jordan"]
[Result "0-1"]
[WhiteElo "1284"]
[BlackElo "1231"]
[PlyCount "61"]
[EventDate "2006.01.20"]
[EventType "swiss"]
[EventRounds "5"]
[EventCountry "CAN"]

1. d4 Nf6 2. c4 d6 3. Nc3 Nbd7 4. e4 e5 5. d5 c5 6. Be2 Be7 7. Be3 O-O 8. Qd2
Re8 9. O-O-O Bf8 10. g4 Nb6 11. b3 Bxg4 12. h4 Nc8 13. Bg5 Bxe2 14. Ngxe2 Be7
15. Rdg1 a6 16. f4 b5 17. cxb5 axb5 18. fxe5 dxe5 19. Ng3 Nd6 20. Qh2 b4 21.
Bxf6 Bxf6 22. Nd1 c4 23. bxc4 Nxc4 24. Rg2 Qa5 25. Nh5 Qa3+ 26. Kb1 Bd8 27.
Rxg7+ Kh8 28. Rg2 Ne3 29. Re2 Qd3+ 30. Kc1 Rc8+ 31. Kb2 0-1